Innovative approaches in students education

Salvato in:
Dettagli Bibliografici
Autore principale: Pudło, Patrycja
Altri autori: Bašistová, Alena
Natura: Capitolo di libro
Lingua:inglese
Tags: Aggiungi Tag
Nessun Tag, puoi essere il primo ad aggiungerne!!

MARC

LEADER 00000nla$a2200000$$$4500
001 0142821
005 20240502072547.8
041 0 |a eng 
044 |a SK 
245 1 0 |a Innovative approaches in students education  |c Recenzenti: František Sudzina, Branislav Kršák 
100 1 |a Pudło, Patrycja 
700 1 |a Bašistová, Alena